First steps in differential geometry : (رقم التسجيلة. 35502)
[ عرض عادي ]
| 000 -الفاتح | |
|---|---|
| حقل البيانات ثابتة الطول | 01187cam a22003377i 4500 |
| 001 - رقم الضبط | |
| رقم الضبط | 17756849 |
| 003 - محدد رقم الضبط | |
| رقم الضبط | OSt |
| 005 - وقت وتاريخ اخر تعامل مع التسجيلة | |
| رقم الضبط | 20150408114222.0 |
| 008 - عناصر البيانات ثابتة الطول - معلومات عامة | |
| حقل البيانات ثابتة الطول | 130530t20132013nyu b 001 0 eng d |
| 010 ## - رقم ضبط مكتبة الكونجرس | |
| رقم ضبط مكتبة الكونجرس | 2013941656 |
| 020 ## - الرقم الدولى المعيارى للكتب | |
| الرقم الدولى المعيارى للكتاب | 9781461477310 (alk. paper) |
| 020 ## - الرقم الدولى المعيارى للكتب | |
| الرقم الدولى المعيارى للكتاب | 146147731X (alk. paper) |
| 020 ## - الرقم الدولى المعيارى للكتب | |
| الرقم الدولى المعيارى للكتاب الملغى /الخاطئ | 9781461477327 (ebk.) |
| 035 ## - رقم ضبط النظام | |
| رقم ضبط النظام | (OCoLC)ocn839397537 |
| 040 ## - مصدر الفهرسة | |
| وكالة الفهرسة الأصلية | BTCTA |
| لغة الفهرسة | eng |
| وكالة النسخ | BTCTA |
| قواعد الوصف | rda |
| وكالة التعديل | OHX |
| -- | YDXCP |
| -- | TEU |
| -- | TXA |
| -- | DLC |
| 042 ## - رمز التحقق | |
| رمز التحقق | lccopycat |
| 050 00 - رقم طلب مكتبة الكونجرس | |
| رقم التصنيف | QA641 |
| رقم المادة | .M386 2013 |
| 072 #7 - رمز الفئه الموضوعية | |
| رمز فئه الموضوع | QA |
| المصدر | lcco |
| 082 00 - رقم تصنيف ديوى العشرى | |
| رقم التصنيف | 516.36 |
| رقم الطبعة | 23 |
| رقم المادة | MAF |
| 100 1# - المدخل الرئيسى - إسم شخصى | |
| الإسم الشخصى | McInerney, Andrew, |
| التواريخ المصاحبة للاسم | 1966- |
| الدور | author. |
| 9 (RLIN) | 46095 |
| 245 10 - بيان العنوان | |
| العنوان | First steps in differential geometry : |
| بقية العنوان | Riemannian, contact, symplectic / |
| بيان المسئوليه,etc | Andrew McInerney. |
| 300 ## - الوصف المادى | |
| التعداد | xiii, 410 pages ; |
| أبعاد الوعاء | 24 cm. |
| 490 1# - بيان السلسلة | |
| عنوان السلسلة | Undergraduate texts in mathematics, |
| الرقم الدولى المعيارى للدوريات | 0172-6056 |
| 504 ## - تبصرة ببليوجرافية | |
| تبصرة ببليوجرافية,الخ | Includes bibliographical references (pages 405-406) and index. |
| 650 #0 - المدخل الاضافى بالموضوع-مصطلح موضوعى | |
| مصطلح موضوعي أو اسم جغرافي كعنصر مدخل | Geometry, Differential. |
| 9 (RLIN) | 14516 |
| 830 #0 - المدخل الاضافى بالسلسلة -عنوان موحد | |
| عنوان موحد | Undergraduate texts in mathematics. |
| 9 (RLIN) | 18788 |
| 906 ## - عنصر بيانات محلى F, LDF (RLIN) | |
| a | 7 |
| b | cbc |
| c | copycat |
| d | 2 |
| e | ncip |
| f | 20 |
| g | y-gencatlg |
| 942 ## - عناصر المدخل الإضافي( كوها) | |
| مصدر التصنيف او مخطط الترفيف | Dewey Decimal Classification |
| Koha [default] item type | كتاب |
| حالة الفقد | نموذج السعر الفعال | حالة تلف | ليس للاعارة | رقم الطلب | تاريخ الاكتساب | الموقع الحالي | الباركود | الفرع الرئيسي | Date last seen | نوع المادة فى نظام كوها | مصدر التصنيف او خطة الترفيف | Total Checkouts |
|---|---|---|---|---|---|---|---|---|---|---|---|---|
| 2014-07-08 | 516.36 MAF | 2014-07-08 | المكتبة المركزية بالمجمعة (CL) | 00652883 | المكتبة المركزية بالمجمعة (CL) | 2014-07-08 | كتاب | Dewey Decimal Classification | ||||
| 2014-07-08 | 516.36 MAF | 2014-07-08 | المكتبة المركزية بالمجمعة (CL) | 00652884 | المكتبة المركزية بالمجمعة (CL) | 2014-07-08 | كتاب | Dewey Decimal Classification | ||||
| 2014-07-08 | 516.36 MAF | 2014-07-08 | المكتبة المركزية بالمجمعة (CL) | 00652885 | المكتبة المركزية بالمجمعة (CL) | 2014-07-08 | كتاب | Dewey Decimal Classification | ||||
| 2014-07-08 | 516.36 MAF | 2014-07-08 | مكتبة مجمع الكليات بالزلفى - طلاب (SZM) | 00652886 | مكتبة مجمع الكليات بالزلفى - طلاب (SZM) | 2014-07-08 | كتاب | Dewey Decimal Classification | ||||
| 2014-07-08 | 516.36 MAF | 2014-07-08 | مكتبة مجمع الكليات بالزلفى - طلاب (SZM) | 00652887 | مكتبة مجمع الكليات بالزلفى - طلاب (SZM) | 2014-07-08 | كتاب | Dewey Decimal Classification |
